000
00319 a2200157 4500
001
192219
020
_a
978-85-61167-78-3
040
_c
Magnum
100
_a
Barros, Sônia
240
1
0
_a
Tatu-Balão
_l
por
245
1
0
_a
Tatu-Balão
300
_a
36
362
0
_a
2014
697
_a
LITERATURA INFANTO
942
_c
BK
999
_c
192219
_d
192219